[Event "EYCC 2024 - O10"]
[Site "?"]
[Date "2024.08.23"]
[Round "2.9"]
[White "Lishoy Gengis Paratazham, Dildarav"]
[Black "Iliev, Stoyan"]
[Result "1-0"]
[BlackElo "1743"]
[WhiteElo "1962"]
[LiveChessVersion "1.4.8"]

1. e4 {[%clk 1:30:59]} c5 {[%clk 1:30:50]} 2. Nf3 {[%clk 1:31:22]} Nc6
{[%clk 1:31:10]} 3. Nc3 {[%clk 1:31:45]} e6 {[%clk 1:31:31]} 4. d4
{[%clk 1:32:09]} cxd4 {[%clk 1:31:50]} 5. Nxd4 {[%clk 1:32:37]} a6
{[%clk 1:31:38]} 6. g3 {[%clk 1:31:54]} g6 {[%clk 1:31:54]} 7. Be3
{[%clk 1:22:10]} Bg7 {[%clk 1:31:50]} 8. Bg2 {[%clk 1:20:26]} Nge7
{[%clk 1:31:29]} 9. O-O {[%clk 1:20:42]} O-O {[%clk 1:31:13]} 10. Nb3
{[%clk 1:17:33]} d6 {[%clk 1:25:41]} 11. a4 {[%clk 1:17:38]} Ne5 {[%clk 1:17:41]}
12. Qe2 {[%clk 1:15:45]} Qc7 {[%clk 1:15:38]} 13. Nd2 {[%clk 1:15:58]} N7c6
{[%clk 1:08:20]} 14. f4 {[%clk 1:12:38]} Nd7 {[%clk 1:08:42]} 15. Nb3
{[%clk 1:12:02]} Nc5 {[%clk 0:49:26]} 16. Kh1 {[%clk 1:04:51]} Nxb3
{[%clk 0:45:08]} 17. cxb3 {[%clk 1:05:14]} Qa5 {[%clk 0:41:17]} 18. Rac1
{[%clk 1:02:39]} Qb4 {[%clk 0:39:45]} 19. Qc4 {[%clk 0:55:32]} Qxc4
{[%clk 0:36:50]} 20. bxc4 {[%clk 0:56:01]} Na5 {[%clk 0:37:04]} 21. c5
{[%clk 0:55:58]} Nb3 {[%clk 0:36:46]} 22. Rcd1 {[%clk 0:55:08]} dxc5
{[%clk 0:35:41]} 23. e5 {[%clk 0:55:15]} Rb8 {[%clk 0:33:07]} 24. Ne4
{[%clk 0:48:47]} b6 {[%clk 0:32:20]} 25. h4 {[%clk 0:41:55]} h5 {[%clk 0:31:31]}
26. Ng5 {[%clk 0:39:18]} Bb7 {[%clk 0:30:30]} 27. Rd7 {[%clk 0:38:41]} Bxg2+
{[%clk 0:30:47]} 28. Kxg2 {[%clk 0:39:10]} Na5 {[%clk 0:27:50]} 29. Bg1
{[%clk 0:36:53]} Nc4 {[%clk 0:24:22]} 30. b3 {[%clk 0:36:14]} Na5
{[%clk 0:24:06]} 31. Rb1 {[%clk 0:36:39]} Rbd8 {[%clk 0:22:58]} 32. Rxd8
{[%clk 0:36:25]} Rxd8 {[%clk 0:23:22]} 33. b4 {[%clk 0:36:51]} Nc4
{[%clk 0:16:18]} 34. bxc5 {[%clk 0:36:30]} bxc5 {[%clk 0:16:38]} 35. Bxc5
{[%clk 0:36:32]} Rc8 {[%clk 0:15:33]} 36. Bf2 {[%clk 0:34:28]} Bh6
{[%clk 0:14:25]} 37. Ne4 {[%clk 0:34:15]} Bf8 {[%clk 0:12:50]} 38. Ng5
{[%clk 0:28:29]} Be7 {[%clk 0:12:02]} 39. Ne4 {[%clk 0:28:04]} Kf8
{[%clk 0:09:15]} 40. Kf3 {[%clk 0:25:42]} Ke8 {[%clk 0:07:29]} 41. Rb7
{[%clk 0:24:08]} Kf8 {[%clk 0:04:04]} 42. Be1 {[%clk 0:22:02]} Na3
{[%clk 0:03:07]} 43. Nd6 {[%clk 0:18:24]} Ra8 {[%clk 0:01:29]} 44. Bb4
{[%clk 0:18:16]} Nc2 {[%clk 0:01:49]} 45. Bc5 {[%clk 0:18:37]} Ne1+
{[%clk 0:01:21]} 46. Ke2 {[%clk 0:18:55]} Nc2 {[%clk 0:00:48]} 47. Rb2
{[%clk 0:19:12]} Na1 {[%clk 0:00:53]} 48. Rb1 {[%clk 0:19:24]} Nc2
{[%clk 0:00:57]} 49. Kd2 {[%clk 0:19:50]} 1-0

[Event "EYCC 2024 - O10"]
[Site "?"]
[Date "2024.08.23"]
[Round "2.10"]
[White "Hummatov, Safa"]
[Black "Szakolczai, Alex"]
[Result "0-1"]
[BlackElo "1962"]
[WhiteElo "1742"]
[LiveChessVersion "1.4.8"]

1. c4 {[%clk 1:30:59]} e5 {[%clk 1:30:56]} 2. g3 {[%clk 1:31:25]} Nc6
{[%clk 1:31:21]} 3. Bg2 {[%clk 1:31:40]} Bc5 {[%clk 1:31:44]} 4. Nc3
{[%clk 1:32:06]} d6 {[%clk 1:32:08]} 5. d3 {[%clk 1:32:14]} a6 {[%clk 1:31:55]}
6. Nf3 {[%clk 1:32:14]} h6 {[%clk 1:30:17]} 7. O-O {[%clk 1:32:28]} Nf6
{[%clk 1:30:31]} 8. e3 {[%clk 1:32:03]} Ba7 {[%clk 1:30:08]} 9. d4
{[%clk 1:31:39]} O-O {[%clk 1:30:03]} 10. d5 {[%clk 1:22:23]} Ne7
{[%clk 1:29:35]} 11. e4 {[%clk 1:22:36]} b5 {[%clk 1:28:14]} 12. cxb5
{[%clk 1:18:34]} axb5 {[%clk 1:28:40]} 13. b4 {[%clk 1:18:53]} c5
{[%clk 1:24:41]} 14. a4 {[%clk 1:02:51]} cxb4 {[%clk 1:20:25]} 15. Nxb5
{[%clk 1:02:51]} Ba6 {[%clk 1:20:45]} 16. Bb2 {[%clk 1:02:00]} Qb6
{[%clk 1:14:11]} 17. Qe2 {[%clk 0:59:05]} Rfb8 {[%clk 1:09:37]} 18. Nd2
{[%clk 0:53:14]} Bxb5 {[%clk 1:07:14]} 19. axb5 {[%clk 0:53:28]} Qxb5
{[%clk 1:07:20]} 20. Qxb5 {[%clk 0:52:27]} Rxb5 21. Nc4 {[%clk 0:49:54]} Nc8
{[%clk 1:05:05]} 22. Bf3 {[%clk 0:49:19]} Kf8 {[%clk 1:02:21]} 23. Rfc1
{[%clk 0:40:41]} Ke8 {[%clk 0:39:55]} 24. Na5 {[%clk 0:31:11]} Bb6
{[%clk 0:38:37]} 25. Nb7 {[%clk 0:30:59]} Rxa1 {[%clk 0:38:17]} 26. Bxa1
{[%clk 0:31:21]} Bd8 {[%clk 0:36:58]} 27. Rxc8 {[%clk 0:26:53]} Rxb7
{[%clk 0:37:26]} 28. Rc4 {[%clk 0:24:44]} b3 {[%clk 0:37:08]} 29. Bb2
{[%clk 0:24:44]} Nd7 {[%clk 0:37:26]} 30. Bd1 {[%clk 0:18:35]} Nc5
{[%clk 0:37:11]} 31. f4 {[%clk 0:17:49]} Nd3 {[%clk 0:34:38]} 32. Rc3
{[%clk 0:14:15]} Nxb2 {[%clk 0:34:52]} 33. Rxb3 {[%clk 0:14:42]} Bb6+ 0-1

[Event "EYCC 2024 - O10"]
[Site "?"]
[Date "2024.08.23"]
[Round "2.11"]
[White "Steinbrenner, Peter"]
[Black "Dayal, Samar"]
[Result "1/2-1/2"]
[BlackElo "1721"]
[WhiteElo "1951"]
[LiveChessVersion "1.4.8"]

1. d4 {[%clk 1:30:47]} Nf6 {[%clk 1:30:56]} 2. Nc3 {[%clk 1:30:58]} d5
{[%clk 1:31:26]} 3. Bf4 {[%clk 1:31:16]} g6 {[%clk 1:31:54]} 4. e3
{[%clk 1:31:19]} Nh5 {[%clk 1:32:18]} 5. Be5 {[%clk 1:29:21]} f6 {[%clk 1:32:47]}
6. Bg3 {[%clk 1:29:36]} c6 {[%clk 1:30:17]} 7. Nf3 {[%clk 1:27:06]} Be6
{[%clk 1:28:11]} 8. Bd3 {[%clk 1:23:50]} Nd7 {[%clk 1:27:02]} 9. Ne2
{[%clk 1:17:48]} Bf7 {[%clk 1:23:26]} 10. c3 {[%clk 1:07:31]} Nxg3
{[%clk 1:18:22]} 11. Nxg3 {[%clk 1:07:09]} e5 {[%clk 1:10:51]} 12. dxe5
{[%clk 1:06:11]} Nxe5 {[%clk 0:58:54]} 13. Bc2 {[%clk 1:02:54]} Bd6
{[%clk 0:59:03]} 14. O-O {[%clk 0:55:52]} Qc7 {[%clk 0:58:47]} 15. Nd4
{[%clk 0:52:07]} O-O-O {[%clk 0:57:32]} 16. b4 {[%clk 0:48:26]} h5
{[%clk 0:55:33]} 17. a4 {[%clk 0:44:34]} h4 {[%clk 0:55:36]} 18. Nge2
{[%clk 0:44:09]} Nc4 {[%clk 0:42:13]} 19. h3 {[%clk 0:37:53]} f5 {[%clk 0:41:40]}
20. Rb1 {[%clk 0:18:15]} Qe7 {[%clk 0:29:26]} 21. Nf4 {[%clk 0:16:14]} Nxe3 22.
fxe3 {[%clk 0:14:39]} Qxe3+ {[%clk 0:28:47]} 23. Kh1 {[%clk 0:14:25]} Bxf4
{[%clk 0:29:15]} 24. Rf3 {[%clk 0:14:06]} Qe5 {[%clk 0:29:43]} 25. Qf1
{[%clk 0:10:05]} g5 {[%clk 0:22:23]} 26. Bxf5+ {[%clk 0:07:21]} Kb8
{[%clk 0:22:13]} 27. b5 {[%clk 0:05:21]} cxb5 {[%clk 0:09:22]} 28. Qxb5
{[%clk 0:05:20]} Qc7 {[%clk 0:09:50]} 29. Nc6+ {[%clk 0:04:39]} Ka8
{[%clk 0:10:19]} 30. Nxd8 {[%clk 0:04:50]} Rxd8 {[%clk 0:10:47]} 31. a5
{[%clk 0:03:57]} Be8 {[%clk 0:07:32]} 32. Qd3 {[%clk 0:03:03]} Qxa5
{[%clk 0:06:56]} 33. Rff1 {[%clk 0:02:02]} Bb8 {[%clk 0:05:44]} 34. Rfe1
{[%clk 0:01:48]} Qc7 {[%clk 0:05:58]} 35. g3 {[%clk 0:01:36]} hxg3
{[%clk 0:06:20]} 36. Kg2 {[%clk 0:01:51]} Bc6 {[%clk 0:04:43]} 37. Qd4
{[%clk 0:02:12]} a6 {[%clk 0:04:26]} 38. Qb6 {[%clk 0:01:40]} d4+
{[%clk 0:04:19]} 39. Be4 {[%clk 0:01:48]} Qf4 {[%clk 0:03:30]} 40. Qxa6+ Ba7 41.
Qxb7+ {[%clk 0:01:26]} Bxb7 {[%clk 0:04:27]} 42. Bxb7+ {[%clk 0:01:51]} Kb8
{[%clk 0:04:55]} 43. Bf3+ {[%clk 0:02:09]} Kc7 {[%clk 0:05:04]} 44. Rb7+
{[%clk 0:02:09]} Kd6 {[%clk 0:04:56]} 45. Rxa7 {[%clk 0:02:23]} Qd2+
{[%clk 0:02:31]} 46. Re2 {[%clk 0:02:49]} Qd3 {[%clk 0:02:22]} 47. cxd4
{[%clk 0:02:02]} Qxd4 {[%clk 0:01:24]} 48. Ra6+ {[%clk 0:02:22]} Kd7
{[%clk 0:01:19]} 49. Raa2 {[%clk 0:02:04]} Qf4 {[%clk 0:00:50]} 50. Ra7+
{[%clk 0:02:14]} Kd6 {[%clk 0:01:09]} 51. Ra6+ {[%clk 0:02:36]} Kc5
{[%clk 0:00:52]} 52. Rc6+ {[%clk 0:02:55]} Kd4 {[%clk 0:00:48]} 53. Re4+
{[%clk 0:02:58]} 1/2-1/2

[Event "EYCC 2024 - O10"]
[Site "?"]
[Date "2024.08.23"]
[Round "2.12"]
[White "Ejsymont, Eryk"]
[Black "Zhang, Junyi"]
[Result "0-1"]
[BlackElo "1936"]
[WhiteElo "1727"]
[LiveChessVersion "1.4.8"]

1. e4 {[%clk 1:30:58]} c5 2. Nf3 {[%clk 1:31:20]} e6 {[%clk 1:31:08]} 3. d4
{[%clk 1:31:43]} cxd4 {[%clk 1:31:33]} 4. Nxd4 {[%clk 1:32:06]} Nf6
{[%clk 1:31:47]} 5. Bd3 {[%clk 1:32:23]} Nc6 {[%clk 1:31:30]} 6. Nxc6
{[%clk 1:32:10]} bxc6 {[%clk 1:31:39]} 7. Bf4 {[%clk 1:31:34]} d5
{[%clk 1:25:15]} 8. Nd2 {[%clk 1:31:11]} Qb6 {[%clk 1:11:07]} 9. O-O
{[%clk 1:31:11]} Ba6 {[%clk 1:10:04]} 10. e5 {[%clk 1:16:52]} Bxd3
{[%clk 1:07:33]} 11. cxd3 {[%clk 1:17:21]} Nd7 {[%clk 1:07:41]} 12. a3
{[%clk 1:13:04]} Qd4 {[%clk 1:02:32]} 13. Bg3 {[%clk 1:03:13]} Qxd3
{[%clk 1:02:10]} 14. Rc1 {[%clk 0:59:35]} c5 {[%clk 0:59:03]} 15. Rc3
{[%clk 0:59:42]} Qb5 {[%clk 0:58:53]} 16. Rb3 {[%clk 0:52:42]} Qc6
{[%clk 0:59:15]} 17. Qf3 {[%clk 0:51:15]} Be7 {[%clk 0:56:04]} 18. Rc1
{[%clk 0:50:29]} O-O {[%clk 0:53:50]} 19. Rbc3 {[%clk 0:48:33]} Qb6
{[%clk 0:43:06]} 20. b3 {[%clk 0:39:31]} f6 {[%clk 0:41:49]} 21. Qe2
{[%clk 0:37:20]} fxe5 {[%clk 0:40:52]} 22. f3 {[%clk 0:36:48]} Bg5
{[%clk 0:33:42]} 23. Bf2 {[%clk 0:34:00]} Bxd2 {[%clk 0:33:43]} 24. Qxd2
{[%clk 0:34:18]} d4 {[%clk 0:34:09]} 25. Rd3 {[%clk 0:33:54]} c4 {[%clk 0:30:58]}
26. Rxc4 {[%clk 0:33:54]} Nc5 {[%clk 0:31:23]} 27. Bg3 {[%clk 0:29:26]} Nxd3
{[%clk 0:28:32]} 28. Qxd3 {[%clk 0:29:54]} Qb5 {[%clk 0:28:14]} 29. a4
{[%clk 0:29:56]} Qd5 {[%clk 0:28:17]} 30. Qe2 {[%clk 0:25:56]} d3
{[%clk 0:24:29]} 31. Qd2 {[%clk 0:23:58]} Rac8 {[%clk 0:24:29]} 32. Rg4
{[%clk 0:21:55]} Qc5+ {[%clk 0:24:07]} 33. Qf2 {[%clk 0:21:53]} d2
{[%clk 0:24:18]} 34. Rxg7+ {[%clk 0:20:32]} Kxg7 {[%clk 0:24:27]} 0-1

[Event "EYCC 2024 - O10"]
[Site "?"]
[Date "2024.08.23"]
[Round "2.13"]
[White "Larion, Iustin"]
[Black "Aghoyan, Gevorg"]
[Result "1/2-1/2"]
[BlackElo "1701"]
[WhiteElo "1902"]
[LiveChessVersion "1.4.8"]

1. e4 {[%clk 1:30:50]} c6 {[%clk 1:30:48]} 2. Nf3 {[%clk 1:30:29]} d5
{[%clk 1:30:48]} 3. Nc3 {[%clk 1:30:50]} dxe4 {[%clk 1:30:50]} 4. Nxe4
{[%clk 1:30:57]} Nf6 {[%clk 1:30:57]} 5. Qe2 {[%clk 1:31:04]} Nxe4
{[%clk 1:31:04]} 6. Qxe4 {[%clk 1:31:24]} Nd7 {[%clk 1:31:14]} 7. g3
{[%clk 1:30:52]} Nf6 {[%clk 1:31:28]} 8. Qe2 {[%clk 1:31:19]} Bg4
{[%clk 1:29:50]} 9. Bg2 {[%clk 1:31:33]} e6 {[%clk 1:29:04]} 10. O-O
{[%clk 1:30:30]} Bd6 {[%clk 1:27:59]} 11. b3 {[%clk 1:27:56]} O-O
{[%clk 1:25:37]} 12. Bb2 {[%clk 1:28:08]} Re8 {[%clk 1:23:03]} 13. d4
{[%clk 1:23:22]} Qe7 {[%clk 1:20:25]} 14. Rfe1 {[%clk 1:17:43]} Rad8
{[%clk 1:17:55]} 15. Rad1 {[%clk 1:15:22]} a5 {[%clk 1:11:13]} 16. a4
{[%clk 1:05:28]} Bc7 {[%clk 1:05:03]} 17. h3 {[%clk 1:01:01]} Bxf3
{[%clk 1:03:49]} 18. Qxf3 {[%clk 0:59:52]} Rd7 {[%clk 1:00:59]} 19. h4
{[%clk 0:50:06]} Red8 {[%clk 0:58:43]} 20. c3 {[%clk 0:48:59]} Bd6
{[%clk 0:53:31]} 21. Bc1 {[%clk 0:43:56]} Ba3 {[%clk 0:51:06]} 22. Be3
{[%clk 0:42:31]} Bd6 {[%clk 0:49:00]} 23. Bh3 {[%clk 0:40:34]} Rc7
{[%clk 0:47:05]} 24. Re2 {[%clk 0:36:21]} b5 {[%clk 0:45:18]} 25. Rde1
{[%clk 0:32:11]} bxa4 {[%clk 0:44:25]} 26. bxa4 {[%clk 0:32:40]} Qf8
{[%clk 0:42:19]} 27. h5 {[%clk 0:31:41]} Nd5 {[%clk 0:41:20]} 28. Bg5
{[%clk 0:28:57]} Be7 {[%clk 0:41:17]} 29. Bxe7 {[%clk 0:29:01]} Rxe7
{[%clk 0:40:44]} 30. h6 {[%clk 0:26:14]} g6 {[%clk 0:36:44]} 31. c4
{[%clk 0:26:09]} Nb4 {[%clk 0:32:34]} 32. Qf6 {[%clk 0:26:18]} Rde8
{[%clk 0:31:42]} 33. Bg2 {[%clk 0:25:48]} Qxh6 {[%clk 0:28:52]} 34. Re5
{[%clk 0:23:06]} Qd2 {[%clk 0:23:17]} 35. R5e2 {[%clk 0:19:01]} Qc3
{[%clk 0:19:35]} 36. c5 {[%clk 0:19:03]} Qc4 {[%clk 0:17:49]} 37. Rd2
{[%clk 0:15:24]} Nd5 {[%clk 0:14:46]} 38. Qe5 {[%clk 0:15:37]} Qb4
{[%clk 0:14:05]} 39. Red1 {[%clk 0:12:45]} Qb8 {[%clk 0:12:16]} 40. Qe1
{[%clk 0:11:06]} Qb4 {[%clk 0:11:32]} 41. Qf1 {[%clk 0:09:34]} Qb7
{[%clk 0:10:20]} 42. Rb1 {[%clk 0:09:08]} Nb4 {[%clk 0:09:49]} 43. Rdb2
{[%clk 0:08:17]} Rb8 {[%clk 0:08:50]} 44. Qc4 {[%clk 0:08:17]} Qc8
{[%clk 0:08:09]} 45. Kh2 {[%clk 0:06:32]} Reb7 {[%clk 0:07:22]} 46. Qb3
{[%clk 0:05:31]} Qd7 {[%clk 0:06:38]} 47. Qe3 {[%clk 0:04:54]} Nd5
{[%clk 0:05:21]} 48. Rxb7 {[%clk 0:05:18]} Rxb7 {[%clk 0:05:44]} 49. Rxb7 Qxb7
{[%clk 0:06:04]} 50. Bxd5 {[%clk 0:05:46]} exd5 {[%clk 0:05:58]} 51. Qe8+
{[%clk 0:05:48]} Kg7 {[%clk 0:06:24]} 52. Qe5+ {[%clk 0:05:46]} f6
{[%clk 0:06:30]} 53. Qe6 {[%clk 0:05:32]} Qc7 {[%clk 0:06:42]} 54. Kg2
{[%clk 0:05:42]} g5 {[%clk 0:06:32]} 55. Qe8 {[%clk 0:06:00]} Qb7
{[%clk 0:06:29]} 56. Qd8 {[%clk 0:05:59]} Qb4 {[%clk 0:05:44]} 57. Qe7+
{[%clk 0:05:07]} Kg6 {[%clk 0:05:53]} 58. Qe8+ {[%clk 0:05:26]} Kf5
{[%clk 0:05:28]} 59. Qc8+ {[%clk 0:03:52]} Kg6 {[%clk 0:05:26]} 60. Qxc6
{[%clk 0:03:53]} Qxd4 {[%clk 0:05:52]} 61. Qe8+ {[%clk 0:04:01]} Kf5
{[%clk 0:05:55]} 62. c6 {[%clk 0:04:04]} Qxa4 {[%clk 0:05:51]} 63. Qc8+
{[%clk 0:04:01]} Kg6 {[%clk 0:05:39]} 64. c7 {[%clk 0:03:30]} Qe4+
{[%clk 0:05:56]} 65. Kh2 {[%clk 0:02:20]} Qe2 {[%clk 0:05:50]} 66. Qg8+
{[%clk 0:02:24]} Kh6 {[%clk 0:06:08]} 67. Qf8+ {[%clk 0:02:30]} Kg6
{[%clk 0:06:23]} 68. Qc5 {[%clk 0:02:50]} d4 {[%clk 0:06:13]} 69. Kg1
{[%clk 0:01:19]} Qe1+ {[%clk 0:06:30]} 70. Kg2 {[%clk 0:01:42]} Qe4+
{[%clk 0:06:55]} 71. Kh2 {[%clk 0:02:02]} Qe2 {[%clk 0:07:15]} 72. Kg1
{[%clk 0:00:59]} Qe1+ {[%clk 0:07:39]} 73. Kg2 {[%clk 0:01:16]} Qe4+
{[%clk 0:08:03]} 74. Kh2 {[%clk 0:00:52]} Qe2 {[%clk 0:08:27]} 75. Qxd4
{[%clk 0:00:49]} Qc2 {[%clk 0:08:50]} 76. Qd7 {[%clk 0:00:42]} Qxf2+
{[%clk 0:09:11]} 77. Kh3 {[%clk 0:00:46]} Qf1+ {[%clk 0:09:22]} 78. Kh2
{[%clk 0:01:03]} Qf2+ {[%clk 0:09:48]} 79. Kh1 {[%clk 0:01:05]} Qf1+
{[%clk 0:10:14]} 80. Kh2 {[%clk 0:01:28]} Qf2+ {[%clk 0:10:40]} 81. Kh1
{[%clk 0:01:42]} Qf1+ {[%clk 0:11:04]} 82. Kh2 {[%clk 0:02:09]} Qf2+
{[%clk 0:11:29]} 1/2-1/2

[Event "EYCC 2024 - O10"]
[Site "?"]
[Date "2024.08.23"]
[Round "2.14"]
[White "Kopecny, Adam"]
[Black "Fuentes De Nova, Sebastian"]
[Result "0-1"]
[BlackElo "1896"]
[WhiteElo "1720"]
[LiveChessVersion "1.4.8"]

1. e4 {[%clk 1:30:30]} e5 {[%clk 1:30:39]} 2. Nf3 {[%clk 1:30:31]} Nc6
{[%clk 1:30:23]} 3. Bc4 {[%clk 1:29:25]} Bc5 {[%clk 1:30:22]} 4. c3
{[%clk 1:29:01]} Nf6 {[%clk 1:30:40]} 5. d4 {[%clk 1:29:20]} exd4
{[%clk 1:30:55]} 6. e5 {[%clk 1:29:31]} d5 {[%clk 1:31:19]} 7. Bb5
{[%clk 1:29:58]} Ne4 {[%clk 1:31:45]} 8. cxd4 {[%clk 1:30:23]} Bb6
{[%clk 1:32:09]} 9. Nc3 {[%clk 1:30:49]} Bg4 {[%clk 1:32:01]} 10. Qc2
{[%clk 1:30:40]} Bf5 {[%clk 1:29:58]} 11. Qe2 {[%clk 1:28:49]} O-O
{[%clk 1:29:29]} 12. Bxc6 {[%clk 1:27:59]} bxc6 {[%clk 1:29:48]} 13. Be3
{[%clk 1:27:34]} Bg4 {[%clk 1:26:58]} 14. O-O {[%clk 1:25:14]} f6
{[%clk 1:22:47]} 15. h3 {[%clk 1:07:31]} Bxf3 {[%clk 1:23:04]} 16. gxf3
{[%clk 1:08:00]} Nxc3 {[%clk 1:23:12]} 17. bxc3 {[%clk 1:08:29]} fxe5
{[%clk 1:22:21]} 18. dxe5 {[%clk 1:08:58]} Qh4 {[%clk 1:21:47]} 19. Kh2
{[%clk 1:09:07]} Rae8 {[%clk 1:21:55]} 20. f4 {[%clk 1:09:07]} Rxf4
{[%clk 1:20:46]} 21. Bxb6 {[%clk 1:07:05]} cxb6 {[%clk 1:20:20]} 22. f3
{[%clk 1:07:18]} Rf5 {[%clk 1:20:28]} 23. Qg2 {[%clk 1:05:42]} Rfxe5
{[%clk 1:20:45]} 24. Rf2 {[%clk 1:05:55]} Qxf2 {[%clk 1:20:17]} 25. Qxf2
{[%clk 1:06:16]} Re2 {[%clk 1:20:42]} 26. Kg3 Rxf2 {[%clk 1:21:06]} 27. Kxf2
{[%clk 1:07:03]} Kf7 {[%clk 1:21:28]} 28. Rd1 {[%clk 1:07:17]} g5
{[%clk 1:21:02]} 29. Rd4 {[%clk 1:07:22]} Kf6 {[%clk 1:21:01]} 30. a3
{[%clk 1:07:16]} b5 {[%clk 1:20:30]} 31. h4 {[%clk 1:07:22]} h6 {[%clk 1:20:51]}
32. h5 {[%clk 1:07:24]} Kf5 {[%clk 1:21:10]} 33. Rd3 {[%clk 1:07:22]} a5
{[%clk 1:20:02]} 34. Rd2 {[%clk 1:07:20]} g4 {[%clk 1:19:01]} 35. Rd4
{[%clk 1:07:07]} gxf3 {[%clk 1:19:20]} 36. Kxf3 {[%clk 1:07:05]} Re4
{[%clk 1:19:43]} 37. Rd1 {[%clk 1:07:20]} Rh4 {[%clk 1:20:03]} 0-1

[Event "EYCC 2024 - O10"]
[Site "?"]
[Date "2024.08.23"]
[Round "2.15"]
[White "Nakonechnyi, Oleksii"]
[Black "Aeschbacher, Gregoire"]
[Result "1-0"]
[BlackElo "1696"]
[WhiteElo "1891"]
[LiveChessVersion "1.4.8"]

1. d4 {[%clk 1:30:57]} d5 {[%clk 1:30:52]} 2. Nf3 {[%clk 1:31:22]} Bf5
{[%clk 1:29:22]} 3. c4 {[%clk 1:31:26]} dxc4 {[%clk 1:27:56]} 4. Nc3
{[%clk 1:31:51]} Nf6 {[%clk 1:26:49]} 5. e3 {[%clk 1:31:53]} e6 {[%clk 1:26:35]}
6. Bxc4 {[%clk 1:32:16]} Be7 {[%clk 1:23:45]} 7. O-O {[%clk 1:30:00]} O-O
{[%clk 1:23:35]} 8. Ne5 Nbd7 {[%clk 1:21:33]} 9. Qe2 {[%clk 1:27:33]} Nb6
{[%clk 1:15:29]} 10. Bb3 {[%clk 1:27:45]} a6 {[%clk 1:07:14]} 11. Rd1
{[%clk 1:26:34]} Nfd5 {[%clk 1:01:10]} 12. e4 {[%clk 1:26:17]} Nxc3
{[%clk 0:59:39]} 13. bxc3 {[%clk 1:26:45]} Bg6 {[%clk 0:59:20]} 14. Nxg6
{[%clk 1:26:44]} hxg6 {[%clk 0:59:43]} 15. Rd3 {[%clk 1:26:41]} a5
{[%clk 0:57:18]} 16. Rh3 {[%clk 1:26:34]} c5 {[%clk 0:57:09]} 17. Be3
{[%clk 1:25:59]} c4 {[%clk 0:50:29]} 18. Bc2 {[%clk 1:25:42]} Bd6
{[%clk 0:48:11]} 19. e5 {[%clk 1:25:38]} Be7 {[%clk 0:48:31]} 20. Qg4
{[%clk 1:25:55]} Nd5 {[%clk 0:48:08]} 21. Bxg6 {[%clk 1:24:10]} fxg6
{[%clk 0:47:20]} 22. Qxe6+ {[%clk 1:24:37]} Rf7 {[%clk 0:47:19]} 23. Rf3
{[%clk 1:25:06]} Bf6 {[%clk 0:44:21]} 24. exf6 {[%clk 1:24:58]} Nxf6
{[%clk 0:44:45]} 25. Qxc4 {[%clk 1:25:15]} Rc8 {[%clk 0:45:03]} 26. Qd3
{[%clk 1:25:43]} Qc7 {[%clk 0:45:19]} 27. Qxg6 {[%clk 1:25:47]} Qxc3
{[%clk 0:45:44]} 28. Rf1 {[%clk 1:26:05]} Qc2 {[%clk 0:45:08]} 29. Rf5
{[%clk 1:22:57]} Qxa2 {[%clk 0:44:34]} 30. d5 {[%clk 1:22:46]} Rd8
{[%clk 0:43:58]} 31. Bh6 {[%clk 1:22:16]} Rd6 {[%clk 0:41:08]} 32. Re1
{[%clk 1:21:04]} Re7 {[%clk 0:38:43]} 33. Rfe5 {[%clk 1:15:32]} Ne8
{[%clk 0:36:58]} 34. Qg5 {[%clk 1:15:20]} Rf6 {[%clk 0:34:15]} 35. f3
{[%clk 1:13:48]} Rxe5 {[%clk 0:32:40]} 36. Qxe5 {[%clk 1:13:38]} Rxh6
{[%clk 0:31:35]} 37. Qxe8+ {[%clk 1:12:41]} Kh7 {[%clk 0:32:03]} 38. Qe4+
{[%clk 1:12:47]} Rg6 {[%clk 0:32:19]} 39. g3 {[%clk 1:10:57]} b5 {[%clk 0:31:25]}
40. Qf5 {[%clk 1:05:29]} Qd2 {[%clk 0:30:10]} 41. Re4 {[%clk 1:05:38]} Qd1+
{[%clk 0:28:33]} 42. Kg2 {[%clk 1:05:41]} Qd2+ {[%clk 0:28:50]} 43. Kh3
{[%clk 1:05:56]} Qg5 {[%clk 0:29:10]} 44. Rh4+ {[%clk 1:06:13]} Kg8
{[%clk 0:29:35]} 45. Qc8+ {[%clk 1:06:23]} Kf7 {[%clk 0:29:37]} 46. Rf4+
{[%clk 1:06:06]} Rf6 {[%clk 0:29:21]} 47. Qd7+ {[%clk 1:05:25]} Kg8
{[%clk 0:29:22]} 48. Qe8+ {[%clk 1:05:41]} Kh7 {[%clk 0:29:42]} 49. Rh4+
{[%clk 1:06:03]} Rh6 {[%clk 0:29:42]} 50. Qe4+ {[%clk 1:06:19]} Kg8
{[%clk 0:29:35]} 51. d6 {[%clk 1:05:26]} Rxh4+ {[%clk 0:28:28]} 52. gxh4
{[%clk 1:05:45]} Qc1 {[%clk 0:23:02]} 53. Qd5+ {[%clk 1:02:56]} Kf8
{[%clk 0:23:15]} 54. d7 {[%clk 1:02:38]} Qf1+ {[%clk 0:23:36]} 55. Kg4
{[%clk 1:02:32]} Qg1+ {[%clk 0:21:13]} 56. Kh5 {[%clk 1:00:55]} g6+
{[%clk 0:21:35]} 57. Kh6 {[%clk 1:01:19]} Qc1+ {[%clk 0:22:01]} 58. Kh7
{[%clk 0:59:37]} Qc7 {[%clk 0:22:18]} 59. Qg8+ {[%clk 0:59:14]} Ke7
{[%clk 0:22:21]} 60. Qg7+ {[%clk 0:58:19]} Kd8 {[%clk 0:21:56]} 61. Kxg6
{[%clk 0:58:22]} Qxd7 {[%clk 0:21:25]} 62. h5 {[%clk 0:57:47]} Qe6+
{[%clk 0:20:51]} 63. Qf6+ {[%clk 0:58:03]} Kd7 {[%clk 0:19:26]} 64. Qxe6+
{[%clk 0:58:06]} Kxe6 {[%clk 0:19:53]} 65. h6 {[%clk 0:58:31]} b4
{[%clk 0:20:20]} 66. h7 {[%clk 0:58:58]} b3 {[%clk 0:20:44]} 67. h8=Q
{[%clk 0:59:23]} 1-0

[Event "EYCC 2024 - O10"]
[Site "?"]
[Date "2024.08.23"]
[Round "2.16"]
[White "Skouroupathis, Kyriakos"]
[Black "Chen, Chicheng Leon"]
[Result "1-0"]
[BlackElo "1863"]
[WhiteElo "1698"]
[LiveChessVersion "1.4.8"]

1. e4 {[%clk 1:30:58]} c5 {[%clk 1:30:55]} 2. Nf3 {[%clk 1:31:18]} d6
{[%clk 1:31:17]} 3. Bb5+ {[%clk 1:31:37]} Nd7 {[%clk 1:31:31]} 4. O-O
{[%clk 1:31:55]} a6 {[%clk 1:31:50]} 5. Bxd7+ {[%clk 1:32:09]} Bxd7
{[%clk 1:32:15]} 6. c3 {[%clk 1:32:22]} Nf6 {[%clk 1:32:09]} 7. Re1
{[%clk 1:32:36]} e6 {[%clk 1:23:02]} 8. d4 {[%clk 1:32:22]} Be7 {[%clk 1:21:25]}
9. e5 {[%clk 1:30:58]} dxe5 {[%clk 1:20:20]} 10. dxe5 {[%clk 1:28:37]} Nd5
{[%clk 1:20:23]} 11. Na3 {[%clk 1:27:24]} Bc6 {[%clk 1:18:05]} 12. Nc2
{[%clk 1:23:42]} O-O {[%clk 1:15:53]} 13. Qe2 {[%clk 1:21:49]} b5
{[%clk 1:11:29]} 14. Be3 {[%clk 1:21:14]} Qc7 {[%clk 1:06:12]} 15. Rad1
{[%clk 1:14:13]} h6 {[%clk 1:00:57]} 16. Na3 {[%clk 1:11:01]} Nb6
{[%clk 0:53:49]} 17. h3 {[%clk 1:09:24]} Na4 {[%clk 0:52:12]} 18. Bc1
{[%clk 1:03:51]} Rab8 {[%clk 0:47:59]} 19. Qe3 {[%clk 0:59:06]} Qa5
{[%clk 0:42:29]} 20. Qf4 {[%clk 0:54:09]} Bd5 {[%clk 0:37:19]} 21. Qg4
{[%clk 0:51:22]} Kh7 {[%clk 0:35:49]} 22. c4 {[%clk 0:45:15]} bxc4
{[%clk 0:29:54]} 23. Nxc4 {[%clk 0:45:37]} Bxc4 {[%clk 0:27:15]} 24. Qxc4
{[%clk 0:45:56]} Nxb2 {[%clk 0:26:42]} 25. Qc2+ {[%clk 0:45:52]} Kg8
{[%clk 0:25:07]} 26. Bxb2 {[%clk 0:46:15]} Qxa2 {[%clk 0:24:33]} 27. Re2
{[%clk 0:45:56]} Qa5 {[%clk 0:16:33]} 28. Ra1 {[%clk 0:40:33]} Qb5
{[%clk 0:16:21]} 29. Bc3 {[%clk 0:40:47]} Rfd8 {[%clk 0:13:58]} 30. Rd2
{[%clk 0:39:51]} Rd5 {[%clk 0:13:37]} 31. Qa2 {[%clk 0:38:24]} Rxd2
{[%clk 0:12:34]} 32. Bxd2 {[%clk 0:38:07]} Ra8 {[%clk 0:11:10]} 33. Qa4
{[%clk 0:37:19]} Qb2 {[%clk 0:10:45]} 34. Ra2 {[%clk 0:35:53]} Qb1+
{[%clk 0:10:51]} 35. Kh2 {[%clk 0:36:17]} Qf1 {[%clk 0:09:49]} 36. Qc6
{[%clk 0:35:38]} Rd8 {[%clk 0:09:11]} 37. Qxa6 {[%clk 0:34:21]} Qxf2
{[%clk 0:09:19]} 38. Bf4 {[%clk 0:33:19]} 1-0